| 000 | 01346cam a2200409 4500 | ||
|---|---|---|---|
| 999 |
_c80494 _d80494 |
||
| 001 | 191560154 | ||
| 003 | DE-627 | ||
| 005 | 20201230122056.0 | ||
| 007 | tu | ||
| 008 | 960125s1996 gw ||||| 00| ||ger c | ||
| 015 |
_a96,N04,0611 _2dnb |
||
| 015 |
_a96,A23,0901 _2dnb |
||
| 016 | 7 |
_a946417628 _2DE-101 |
|
| 020 |
_a3333007509 _c : DM 29.90, sfr 29.90, S 221.00 (Pp.) |
||
| 035 | _a(DE-627)191560154 | ||
| 035 | _a(DE-576)053322703 | ||
| 035 | _a(DE-599)GBV191560154 | ||
| 035 | _a(OCoLC)75689149 | ||
| 035 | _a(OCoLC)75689149 | ||
| 040 |
_aDE-627 _bger _cDE-627 _erakwb _dSTAFF |
||
| 041 | _ager | ||
| 044 | _cXA-DE | ||
| 084 |
_a33 _2sdnb |
||
| 084 |
_aYM 7503 _2rvk _0(DE-625)rvk/153873:12909 |
||
| 100 | 1 |
_aBrückner, Heinrich _d1928- _0(DE-588)105137286 _0(DE-627)582061857 _0(DE-576)160450586 _4aut |
|
| 245 | 1 | 0 |
_aRichtig stillen _bder komplette Ratgeber für Mütter _cHeinrich Brückner; Helga Brückner |
| 263 | _aPp. : DM 29.90, sfr 29.90, S 221.00 | ||
| 264 | 1 |
_aBerlin _bVerl. Gesundheit _c1996 |
|
| 300 |
_a219 S.: _bIll |
||
| 336 |
_aText _btxt _2rdacontent |
||
| 337 |
_aohne Hilfsmittel zu benutzen _bn _2rdamedia |
||
| 338 |
_aBand _bnc _2rdacarrier |
||
| 655 | 7 |
_aRatgeber _0(DE-588)4048476-2 _0(DE-627)104637234 _0(DE-576)209078057 _2gnd-content |
|
| 951 | _aBO | ||
| 700 | 1 |
_aBrückner, Helga _4aut |
|
| 942 |
_2z _cB |
||